[Event "SR Extraliga 2016/2017"]
[Site "?"]
[Date "2017.01.15"]
[Round "6.6"]
[White "Holecko, Rastislav"]
[Black "Matejovic, Juraj"]
[Result "0-1"]
[WhiteElo "2236"]
[BlackElo "2235"]
[PlyCount "80"]
[EventDate "2016.??.??"]

1. e4 c5 2. Nc3 e6 3. f4 Nc6 4. Nf3 d6 5. d3 Be7 6. g3 Nf6 7. Bg2 O-O 8. O-O
Rb8 9. h3 b5 10. Qe1 c4 11. d4 b4 12. Nd1 c3 13. bxc3 Ba6 14. Rf2 d5 15. exd5
exd5 16. Ne5 Nxe5 17. fxe5 Ne4 18. Rf3 bxc3 19. Nf2 Qb6 20. Be3 f5 21. exf6
Bxf6 22. Rd1 Qb2 23. Nxe4 dxe4 24. Rf2 Bc4 25. Bxe4 Rbe8 26. Bg2 Qa3 27. Rf3
Bg5 28. Bxg5 Rxe1+ 29. Rxe1 Rxf3 30. Bxf3 Qd6 31. Kg2 Bd5 32. Be3 Bxf3+ 33.
Kxf3 Qd5+ 34. Ke2 Qc4+ 35. Kd1 Qxa2 36. Re2 Qd5 37. Bf2 Qf3 38. Be1 a5 39. Bxc3
Qxc3 40. d5 Qa1+ 0-1

[Event "SR Extraliga 2016/2017"]
[Site "?"]
[Date "2017.01.15"]
[Round "6.7"]
[White "Federic, Pavol"]
[Black "Krajnak, Martin"]
[Result "1-0"]
[WhiteElo "2135"]
[BlackElo "2182"]
[PlyCount "57"]
[EventDate "2016.??.??"]

1. e4 d6 2. d4 Nf6 3. Nc3 e5 4. dxe5 dxe5 5. Qxd8+ Kxd8 6. Nf3 Nbd7 7. Bc4 Ke7
8. Be3 h6 9. Nb5 c5 10. O-O-O Ng4 11. Nd6 Nb6 12. Bxc5 Nxc4 13. Nxc4+ Kf6 14.
Rd8 Bxc5 15. Rxh8 b5 16. Ncd2 Nxf2 17. Rf1 Bb7 18. Rxa8 Bxa8 19. Ne1 Ke6 20.
Nd3 Nxd3+ 21. cxd3 g6 22. g4 Be3 23. Kc2 Bf4 24. h3 Bc6 25. d4 Bd7 26. Nb3 Bc8
27. Nc5+ Ke7 28. Nd3 Be3 29. Nxe5 1-0

[Event "SR Extraliga 2016/2017"]
[Site "?"]
[Date "2017.01.15"]
[Round "6.8"]
[White "Goban, Marek"]
[Black "Mydlarik, Martin"]
[Result "0-1"]
[WhiteElo "2055"]
[BlackElo "2049"]
[PlyCount "126"]
[EventDate "2016.??.??"]

1. Nf3 Nf6 2. g3 g6 3. Bg2 Bg7 4. c4 O-O 5. Nc3 c5 6. O-O Nc6 7. e4 d6 8. h3 a6
9. d3 Rb8 10. a4 Nd7 11. Bg5 Nde5 12. Ne1 Nd4 13. Nd5 Nec6 14. a5 b5 15. axb6
h6 16. Bd2 e6 17. Ne3 Rxb6 18. Bc3 Nb4 19. f4 d5 20. e5 Bb7 21. cxd5 Bxd5 22.
Bxd5 Nxd5 23. Nc4 Rc6 24. Bxd4 cxd4 25. Qa4 Qc7 26. Nc2 Rc8 27. Rf2 Bf8 28.
Nxd4 Rc5 29. Qxa6 Nb4 30. Qa3 Rd5 31. Qc3 Bc5 32. Ne3 Bxd4 33. Qxc7 Rxc7 34.
Nxd5 Nxd5 35. Ra8+ Kg7 36. Kg2 Bxf2 37. Kxf2 Rc2+ 38. Kf3 Rxb2 39. Ra3 Rd2 40.
Rb3 Rc2 41. Rb1 h5 42. h4 Kf8 43. Rb8+ Ke7 44. Rb7+ Rc7 45. Rb2 Kd7 46. Rb1 Ra7
47. Rb3 Kc6 48. Rb2 Ne7 49. Rb8 Nf5 50. Rc8+ Rc7 51. Ra8 Rd7 52. Ra3 Kd5 53.
Ra4 Rb7 54. g4 Nd4+ 55. Ke3 Nc6 56. gxh5 gxh5 57. Ra8 Rb8 58. Ra1 Rg8 59. Rb1
Rg3+ 60. Kd2 Rf3 61. Rb7 Rxf4 62. Ke3 Rb4 63. Rxf7 Rxh4 0-1

[Event "SR Extraliga 2016/2017"]
[Site "?"]
[Date "2017.01.15"]
[Round "6.1"]
[White "Balog, Imre"]
[Black "Druska, Juraj"]
[Result "1-0"]
[WhiteElo "2555"]
[BlackElo "2441"]
[PlyCount "139"]
[EventDate "2016.??.??"]

1. d4 Nf6 2. Bg5 Ne4 3. Bf4 e6 4. f3 Bb4+ 5. c3 Bd6 6. Bxd6 Nxd6 7. e4 f5 8.
Nd2 Qg5 9. Qe2 O-O 10. e5 Nf7 11. g3 Qh5 12. O-O-O b6 13. h4 Ba6 14. Qe3 Qh6
15. f4 Bxf1 16. Nxf1 Nc6 17. Qf3 Ne7 18. Ne3 c6 19. g4 Nd8 20. Nh3 fxg4 21.
Nxg4 Qg6 22. Rdg1 Kh8 23. h5 Qf5 24. h6 g6 25. Nf6 Rxf6 26. exf6 Qxf6 27. Ng5
Nf7 28. Ne4 Qf5 29. Rf1 Rf8 30. b3 Nc8 31. Kb2 Ncd6 32. Ng3 Qf6 33. Qd3 b5 34.
Ra1 Rb8 35. a4 b4 36. c4 a5 37. Rad1 Kg8 38. Ka2 Rc8 39. Qd2 Kf8 40. Rhf1 Kg8
41. Qg2 Kf8 42. Rd3 Ke7 43. Qe2 Nxh6 44. Qh2 Nhf7 45. f5 Nxf5 46. d5 cxd5 47.
cxd5 Qe5 48. dxe6 dxe6 49. Qd2 Qc5 50. Kb1 Rc7 51. Ne4 Qc6 52. Re1 h6 53. Qb2
e5 54. Nd2 Rd7 55. Rxd7+ Qxd7 56. Nc4 Qd3+ 57. Ka2 e4 58. Nxa5 e3 59. Nc6+ Ke6
60. Nxb4 Qe4 61. Nc2 Ne5 62. Qc3 Nf3 63. Rf1 g5 64. a5 g4 65. a6 e2 66. Rc1 Nd6
67. a7 Qa8 68. Nd4+ Nxd4 69. Qxd4 Kd7 70. Qxg4+ 1-0

[Event "SR Extraliga 2016/2017"]
[Site "?"]
[Date "2017.01.15"]
[Round "6.2"]
[White "Leniart, Arkadiusz"]
[Black "Kriebel, Tadeas"]
[Result "1-0"]
[WhiteElo "2482"]
[BlackElo "2465"]
[PlyCount "99"]
[EventDate "2016.??.??"]

1. e4 c5 2. Nf3 d6 3. d4 cxd4 4. Nxd4 Nf6 5. Nc3 a6 6. g3 g6 7. Bg2 Bg7 8. O-O
O-O 9. h3 Bd7 10. Be3 Nc6 11. Nde2 b5 12. Nd5 Nxd5 13. exd5 Na5 14. Bd4 Rc8 15.
b3 Qc7 16. Rc1 Bh6 17. f4 Bg7 18. Kh2 Bxd4 19. Nxd4 e5 20. dxe6 fxe6 21. Nf3
Bc6 22. Qd2 e5 23. c4 exf4 24. gxf4 bxc4 25. b4 Nb7 26. Rxc4 d5 27. Rxc6 Qxc6
28. Ne5 Qd6 29. Qxd5+ Qxd5 30. Bxd5+ Kg7 31. Bxb7 Rc2+ 32. Kg3 Rb8 33. Bxa6
Rxb4 34. Rd1 Rxa2 35. Rd7+ Kf6 36. Rf7+ Ke6 37. Bc8+ Kd5 38. Bb7+ Ke6 39. Bc8+
Kd5 40. Rd7+ Ke4 41. Bb7+ Kf5 42. Bd5 Ra6 43. Ng4 Ra3+ 44. Kh4 g5+ 45. fxg5 Kg6
46. Bg8 Kf5 47. Rf7+ Kg6 48. Re7 Kf5 49. Bxh7+ Kf4 50. Rf7# 1-0

[Event "SR Extraliga 2016/2017"]
[Site "?"]
[Date "2017.01.15"]
[Round "6.3"]
[White "Chovan, Milan"]
[Black "Manik, Mikulas"]
[Result "1/2-1/2"]
[WhiteElo "2283"]
[BlackElo "2431"]
[PlyCount "28"]
[EventDate "2016.??.??"]

1. c4 e6 2. Nc3 Bb4 3. Qb3 a5 4. a3 Bxc3 5. Qxc3 Nf6 6. b3 b6 7. Bb2 Bb7 8. Nf3
d6 9. d3 Nbd7 10. e3 Qe7 11. Be2 O-O 12. O-O c5 13. Nd2 e5 14. Rfe1 Rfe8
1/2-1/2

[Event "SR Extraliga 2016/2017"]
[Site "?"]
[Date "2017.01.15"]
[Round "6.4"]
[White "Klekowski, Maciej"]
[Black "Peitl, Tomas"]
[Result "1-0"]
[WhiteElo "2450"]
[BlackElo "2206"]
[PlyCount "83"]
[EventDate "2016.??.??"]

1. Nf3 b6 2. g3 Bb7 3. Bg2 Nf6 4. O-O g6 5. d3 Bg7 6. e4 d6 7. Nh4 c5 8. e5
Bxg2 9. exf6 Bxf1 10. fxg7 Rg8 11. Qxf1 Rxg7 12. Qg2 Nd7 13. Bh6 Rg8 14. Nc3
Rc8 15. Re1 Ne5 16. f4 Ng4 17. Bg5 f6 18. Qd5 Rg7 19. Nf3 fxg5 20. Qxg5 Qd7 21.
h3 h5 22. Nd5 Kd8 23. hxg4 Qxg4 24. Qxg4 hxg4 25. Ng5 Kd7 26. Ne3 b5 27. Nxg4
c4 28. d4 Rc6 29. a3 a5 30. Kf2 Rg8 31. Re6 c3 32. b3 a4 33. b4 Rc4 34. Re4 Rh8
35. Kg2 Rc6 36. Ne3 Re8 37. Nd5 Kd8 38. Re6 Rc4 39. Rxg6 e6 40. Nxe6+ Rxe6 41.
Rxe6 Rxd4 42. Nxc3 1-0

[Event "SR Extraliga 2016/2017"]
[Site "?"]
[Date "2017.01.15"]
[Round "6.5"]
[White "Kolesar, Milan"]
[Black "Kusiak, Matej"]
[Result "1-0"]
[WhiteElo "2163"]
[BlackElo "2333"]
[PlyCount "75"]
[EventDate "2016.??.??"]

1. Nf3 g6 2. d4 Bg7 3. c4 d6 4. g3 f5 5. Bg2 Nf6 6. O-O O-O 7. Nc3 c6 8. d5 e5
9. dxe6 Bxe6 10. b3 Ne4 11. Nxe4 fxe4 12. Nd4 Bf5 13. Be3 Na6 14. Qd2 Qe7 15.
Rad1 Rfd8 16. Bg5 Bf6 17. Bxf6 Qxf6 18. Qf4 Nc5 19. Nxf5 gxf5 20. Bh3 Rf8 21.
Rxd6 Ne6 22. Qxf5 Qxf5 23. Bxf5 Nc5 24. g4 a5 25. Rfd1 Rae8 26. Kg2 e3 27. f3
Kg7 28. Kg3 Re7 29. h4 Rf6 30. Rxf6 Kxf6 31. Kf4 Kg7 32. h5 Re8 33. Rd6 Kg8 34.
Be4 Nxe4 35. fxe4 Rf8+ 36. Kxe3 Rf7 37. e5 Kf8 38. Rf6 1-0

[Event "SR Extraliga 2016/2017"]
[Site "?"]
[Date "2017.01.15"]
[Round "6.6"]
[White "Jacko, Vladimir"]
[Black "Sosovicka, Juraj"]
[Result "1-0"]
[WhiteElo "2311"]
[BlackElo "2167"]
[PlyCount "65"]
[EventDate "2016.??.??"]

1. d4 b6 2. e4 Bb7 3. Bd3 e6 4. Nf3 Nf6 5. Qe2 d5 6. e5 Nfd7 7. O-O c5 8. c3
Qc8 9. Ng5 Be7 10. Nxh7 Ba6 11. Ng5 Bxd3 12. Qxd3 Qa6 13. Qf3 Bxg5 14. Bxg5
Rxh2 15. Nd2 Rh8 16. Ne4 dxe4 17. Qxe4 f6 18. exf6 gxf6 19. Bf4 cxd4 20. cxd4
Qb5 21. Qxa8 Qh5 22. g4 Qxg4+ 23. Bg3 Ke7 24. Rfe1 Rg8 25. Re4 Qh3 26. Re3 Qg4
27. Rae1 e5 28. Qd5 Kf8 29. dxe5 Nxe5 30. Rxe5 fxe5 31. Qxe5 Kf7 32. Qe7+ Kg6
33. Re6+ 1-0

[Event "SR Extraliga 2016/2017"]
[Site "?"]
[Date "2017.01.15"]
[Round "6.7"]
[White "Sosovicka, Matej"]
[Black "Zambor, Norbert"]
[Result "0-1"]
[WhiteElo "2221"]
[BlackElo "2306"]
[PlyCount "72"]
[EventDate "2016.??.??"]

1. e4 c5 2. Nf3 Nc6 3. d4 cxd4 4. Nxd4 e5 5. Nb5 d6 6. c4 Be7 7. Bd3 Be6 8. O-O
Qd7 9. b3 a6 10. N5c3 Bd8 11. Nd5 Nge7 12. Nbc3 O-O 13. Bb2 Rb8 14. Kh1 Ng6 15.
a4 Nce7 16. Qc2 Rc8 17. Rad1 Bxd5 18. Nxd5 Nxd5 19. exd5 f5 20. b4 e4 21. Be2
Bf6 22. Bxf6 Rxf6 23. c5 a5 24. Bb5 Qd8 25. c6 b6 26. bxa5 bxa5 27. Rb1 Ne5 28.
Ba6 Rc7 29. Rb7 Rxb7 30. cxb7 Rf8 31. Rb1 Nd7 32. Qc8 Nb8 33. Rc1 Qf6 34. Qc7
Nxa6 35. Qxa5 Qb2 36. Rf1 Qxb7 0-1

[Event "SR Extraliga 2016/2017"]
[Site "?"]
[Date "2017.01.15"]
[Round "6.8"]
[White "Holtman, Teodor"]
[Black "Oprea, Erik"]
[Result "1-0"]
[WhiteElo "2187"]
[BlackElo "2155"]
[PlyCount "43"]
[EventDate "2016.??.??"]

1. e4 e6 2. d4 d5 3. Nd2 Nf6 4. e5 Nfd7 5. Bd3 c5 6. c3 Nc6 7. Ne2 Be7 8. O-O
O-O 9. f4 f5 10. exf6 Nxf6 11. Nf3 c4 12. Bc2 Bd7 13. Qe1 b5 14. Bd2 a5 15. Ng3
b4 16. Ng5 Qc8 17. f5 exf5 18. Nxf5 Re8 19. Qh4 h5 20. Nxg7 Kxg7 21. Rxf6 Rh8
22. Ne6+ 1-0

[Event "SR Extraliga 2016/2017"]
[Site "?"]
[Date "2017.02.18"]
[Round "7.1"]
[White "Miton, Kamil"]
[Black "Druska, Juraj"]
[Result "1-0"]
[WhiteElo "2610"]
[BlackElo "2441"]
[PlyCount "83"]
[EventDate "2016.??.??"]

1. d4 d5 2. c4 e6 3. g3 Nf6 4. Bg2 Bb4+ 5. Nd2 O-O 6. Qc2 Nc6 7. Ngf3 dxc4 8.
Qxc4 Qd5 9. O-O Bxd2 10. Qxd5 exd5 11. Bxd2 Re8 12. e3 Ne4 13. Rfc1 Nxd2 14.
Nxd2 Be6 15. Rc5 Red8 16. Rac1 Kf8 17. a3 a6 18. b4 Rd7 19. Bf1 Re7 20. Nb3 Ke8
21. R5c2 Nd8 22. Rxc7 Rxc7 23. Rxc7 Rc8 24. Rxc8 Bxc8 25. Bg2 Be6 26. Nc5 Ke7
27. Kf1 Kd6 28. Ke1 Bc8 29. Kd2 b6 30. Na4 b5 31. Nc5 f6 32. Kc3 Nf7 33. e4
dxe4 34. Bxe4 Ng5 35. Bg2 h6 36. f4 Ne6 37. Bh3 g6 38. Ne4+ Ke7 39. d5 f5 40.
dxe6 fxe4 41. Kd4 Bb7 42. Ke3 1-0

[Event "SR Extraliga 2016/2017"]
[Site "?"]
[Date "2017.02.18"]
[Round "7.2"]
[White "Leniart, Arkadiusz"]
[Black "Antoniewski, Rafal"]
[Result "1/2-1/2"]
[WhiteElo "2490"]
[BlackElo "2531"]
[PlyCount "67"]
[EventDate "2016.??.??"]

1. e4 c5 2. Nf3 d6 3. d4 cxd4 4. Nxd4 Nf6 5. Nc3 a6 6. g3 e5 7. Nde2 Be7 8. Bg2
O-O 9. O-O Nbd7 10. a4 b6 11. h3 Bb7 12. g4 Ne8 13. Nd5 Bg5 14. f4 exf4 15.
Nexf4 Nc7 16. Nxc7 Qxc7 17. Ra3 Bf6 18. e5 Bxe5 19. Nd5 Bxd5 20. Bxd5 Rac8 21.
Raf3 Kh8 22. c3 f6 23. Kh1 b5 24. axb5 axb5 25. g5 fxg5 26. Rxf8+ Rxf8 27.
Rxf8+ Nxf8 28. Qf3 Bf4 29. Bxf4 gxf4 30. Qxf4 Ng6 31. Qf7 Qc8 32. Kh2 Ne5 33.
Qe7 Qb8 34. Kg3 1/2-1/2

[Event "SR Extraliga 2016/2017"]
[Site "?"]
[Date "2017.02.18"]
[Round "7.3"]
[White "Bulski, Krzysztof"]
[Black "Manik, Mikulas"]
[Result "1/2-1/2"]
[WhiteElo "2524"]
[BlackElo "2426"]
[PlyCount "43"]
[EventDate "2016.??.??"]

1. d4 Nf6 2. c4 g6 3. Nc3 Bg7 4. e4 d6 5. f3 O-O 6. Be3 Nbd7 7. Qd2 c5 8. Nge2
Qa5 9. Nc1 cxd4 10. Bxd4 Ne5 11. Nb3 Qc7 12. Rc1 a5 13. c5 dxc5 14. Nb5 Qb8 15.
Nxc5 Nc6 16. Bc3 Rd8 17. Qe3 Na7 18. Na4 Nxb5 19. Bxb5 Bd7 20. Bxd7 Nxd7 21.
Bxg7 Kxg7 22. O-O 1/2-1/2

[Event "SR Extraliga 2016/2017"]
[Site "?"]
[Date "2017.02.18"]
[Round "7.4"]
[White "Mikrut, Dariusz"]
[Black "Jurcik, Martin"]
[Result "1/2-1/2"]
[WhiteElo "2394"]
[BlackElo "2322"]
[PlyCount "48"]
[EventDate "2016.??.??"]

1. d4 d5 2. Nf3 e6 3. c4 dxc4 4. e3 c5 5. Bxc4 a6 6. Bb3 Nf6 7. O-O b5 8. a4 b4
9. e4 Bb7 10. e5 Nd5 11. Nbd2 Nd7 12. Ne4 h6 13. a5 Be7 14. dxc5 Nxc5 15. Nxc5
Bxc5 16. Ba4+ Kf8 17. Bb3 g6 18. Bd2 Kg7 19. h3 Ne7 20. Be3 Bxe3 21. fxe3 Nf5
22. Kf2 h5 23. Qxd8 Rhxd8 24. Rfd1 Ne7 1/2-1/2

[Event "SR Extraliga 2016/2017"]
[Site "?"]
[Date "2017.02.18"]
[Round "7.5"]
[White "Kantorik, Marian"]
[Black "Kusiak, Matej"]
[Result "0-1"]
[WhiteElo "2291"]
[BlackElo "2305"]
[PlyCount "64"]
[EventDate "2016.??.??"]

1. d4 g6 2. e4 Bg7 3. Nc3 d6 4. Be3 a6 5. a4 Nf6 6. f3 O-O 7. Qd2 Nc6 8. Nge2
e5 9. d5 Ne7 10. Bh6 c6 11. Bxg7 Kxg7 12. Ng3 Qb6 13. O-O-O cxd5 14. exd5 Qa5
15. Nge4 Nxe4 16. fxe4 b5 17. axb5 axb5 18. Nb1 b4 19. h4 h6 20. Be2 Bd7 21. g4
Rfc8 22. Rh3 Rc5 23. Rf1 Ba4 24. b3 Be8 25. g5 h5 26. Bd1 Qa1 27. c4 bxc3 28.
Qf2 c2 29. Bxc2 Ra2 30. Rh2 Rb2 31. Qxc5 dxc5 32. Rhf2 Ra2 0-1

[Event "SR Extraliga 2016/2017"]
[Site "?"]
[Date "2017.02.18"]
[Round "7.6"]
[White "Jacko, Vladimir"]
[Black "Haring, Viktor"]
[Result "1/2-1/2"]
[WhiteElo "2304"]
[BlackElo "2249"]
[PlyCount "71"]
[EventDate "2016.??.??"]

1. Nf3 d5 2. d4 Nf6 3. g3 Bg4 4. Bg2 c6 5. c4 Nbd7 6. cxd5 cxd5 7. Nc3 e6 8.
Bf4 Be7 9. O-O O-O 10. h3 Bh5 11. Rc1 Rc8 12. Qb3 Qb6 13. Qxb6 Nxb6 14. Ne5 Nc4
15. g4 Bg6 16. Nxg6 hxg6 17. b3 Nd6 18. e3 Rc6 19. Bxd6 Bxd6 20. Nb5 Bb8 21.
Rxc6 bxc6 22. Nc3 Rc8 23. Rc1 Kf8 24. Bf1 Ke7 25. Na4 Bd6 26. Ba6 Rc7 27. f3 g5
28. Bd3 e5 29. dxe5 Bxe5 30. Nc5 Nd7 31. Na6 Rc8 32. Nb4 Kd6 33. Bf5 g6 34.
Bxd7 Kxd7 35. Nd3 Bd6 36. Kg2 1/2-1/2

[Event "SR Extraliga 2016/2017"]
[Site "?"]
[Date "2017.02.18"]
[Round "7.7"]
[White "Haring, Filip"]
[Black "Zambor, Norbert"]
[Result "1-0"]
[WhiteElo "2229"]
[BlackElo "2309"]
[PlyCount "105"]
[EventDate "2016.??.??"]

1. e4 c5 2. Nf3 Nc6 3. d4 cxd4 4. Nxd4 e5 5. Nb5 d6 6. N1c3 a6 7. Na3 Be7 8.
Be3 Nf6 9. Nc4 b5 10. Nb6 Rb8 11. Nbd5 O-O 12. Be2 Nxd5 13. Nxd5 Bg5 14. O-O
Bxe3 15. Nxe3 Be6 16. c3 a5 17. Qd3 Qb6 18. Kh1 Rfd8 19. Bd1 Qc5 20. Bb3 a4 21.
Bd5 Ne7 22. f4 Bxd5 23. exd5 exf4 24. Rxf4 Ng6 25. Re4 Ne5 26. Qe2 a3 27. bxa3
g6 28. Rf1 Qxc3 29. Rh4 Rf8 30. Qf2 f5 31. h3 Qd3 32. Rd1 Qxa3 33. Qf4 Rbe8 34.
Qh6 Qa7 35. Rb1 Qd7 36. Nc2 Rb8 37. Nd4 Rf7 38. Ne6 Re8 39. Rc1 Rc8 40. Rb1 Rb8
41. a4 Qa7 42. axb5 Qa2 43. Rc1 Qb2 44. Rg1 Qxb5 45. Ng5 Qd7 46. Nxf7 Qxf7 47.
Ra1 Qg7 48. Qe3 Nf7 49. Ra7 Rb1+ 50. Kh2 Qf6 51. Qe8+ Kg7 52. Rxf7+ Qxf7 53.
Rxh7+ 1-0

[Event "SR Extraliga 2016/2017"]
[Site "?"]
[Date "2017.02.18"]
[Round "7.8"]
[White "Holtman, Teodor"]
[Black "Magat, Jozef"]
[Result "1-0"]
[WhiteElo "2243"]
[BlackElo "2089"]
[PlyCount "107"]
[EventDate "2016.??.??"]

1. e4 c6 2. Nf3 d5 3. Nc3 Bg4 4. h3 Bxf3 5. Qxf3 e6 6. g3 Nf6 7. Bg2 Be7 8. O-O
O-O 9. d3 Qb6 10. Qe2 d4 11. Nb1 e5 12. f4 Nbd7 13. f5 h6 14. h4 Nh7 15. b3 Qd8
16. Nd2 b5 17. a4 a6 18. Nf3 c5 19. Rf2 Qc7 20. g4 f6 21. Bf1 Rfc8 22. Rh2 Qd8
23. Qg2 b4 24. Rh3 Ra7 25. Rg3 Rc6 26. Be2 a5 27. Kf2 Bf8 28. Bd2 Kf7 29. Rh1
Ke7 30. g5 fxg5 31. hxg5 Nxg5 32. Bxg5+ hxg5 33. Nxg5 Raa6 34. Nh7 Kd6 35. Nxf8
Qxf8 36. Rxg7 Kc7 37. Rhh7 Rd6 38. Rf7 Qd8 39. Qg7 Kc6 40. Rh8 Qc7 41. Bh5 Ra7
42. Re7 Kb6 43. Be8 Ra8 44. Rh7 Rxe8 45. Rxe8 c4 46. bxc4 Qc6 47. Rb8+ Ka6 48.
Rb5 Qa8 49. Rh6 Qc6 50. Rxd6 Qxd6 51. Qg6 Nf6 52. c5 Qf8 53. Rb6+ Ka7 54. Rxf6
1-0

[Event "SR Extraliga 2016/2017"]
[Site "?"]
[Date "2017.02.18"]
[Round "7.1"]
[White "Caletka, Radomir"]
[Black "Repka, Christopher"]
[Result "0-1"]
[WhiteElo "2366"]
[BlackElo "2452"]
[PlyCount "74"]
[EventDate "2016.??.??"]

1. c4 e5 2. Nc3 Nc6 3. Nf3 Nf6 4. e3 h6 5. d4 exd4 6. exd4 d5 7. c5 Be7 8. Bb5
O-O 9. Bxc6 bxc6 10. O-O Bg4 11. h3 Bxf3 12. Qxf3 Re8 13. Bf4 Qd7 14. Be5 Nh7
15. Qg3 Bf6 16. f4 h5 17. Qd3 Re7 18. b4 Bh4 19. f5 Rae8 20. b5 Bf6 21. bxc6
Qxc6 22. Bf4 Qd7 23. Rab1 c6 24. a4 Ng5 25. a5 Ne4 26. Nd1 Qd8 27. a6 Qa5 28.
Kh2 Qa4 29. Be3 h4 30. Rf3 Qa5 31. Bf4 Bg5 32. Bxg5 Nxg5 33. Re3 Rxe3 34. Nxe3
Qc7+ 35. Kh1 Qg3 36. Rb3 Ne4 37. Ng4 Nf2+ 0-1

[Event "SR Extraliga 2016/2017"]
[Site "?"]
[Date "2017.02.18"]
[Round "7.2"]
[White "Repkova, Eva"]
[Black "Rojicek, Vojtech"]
[Result "1/2-1/2"]
[WhiteElo "2324"]
[BlackElo "2407"]
[PlyCount "22"]
[EventDate "2016.??.??"]

1. e4 c6 2. d4 d5 3. Nc3 dxe4 4. Nxe4 Nf6 5. Nxf6+ exf6 6. Nf3 Bd6 7. Qe2+ Be6
8. Qe4 Qa5+ 9. Bd2 Qf5 10. Bd3 Qxe4+ 11. Bxe4 O-O 1/2-1/2

[Event "SR Extraliga 2016/2017"]
[Site "?"]
[Date "2017.02.18"]
[Round "7.3"]
[White "Plachetka, Jan"]
[Black "Istona, Martin"]
[Result "0-1"]
[WhiteElo "2362"]
[BlackElo "2244"]
[PlyCount "62"]
[EventDate "2016.??.??"]

1. c4 c5 2. Nf3 g6 3. e4 Nc6 4. d4 cxd4 5. Nxd4 Bg7 6. Be3 Nf6 7. Nc3 d6 8. Be2
O-O 9. O-O Bd7 10. Qd2 Nxd4 11. Bxd4 a5 12. f3 Bc6 13. Rab1 Nd7 14. Be3 Nc5 15.
b3 e6 16. Rfd1 Be5 17. Bf1 Qh4 18. f4 Bxc3 19. Qxc3 Nxe4 20. Qd4 f5 21. Bd3 e5
22. fxe5 dxe5 23. Qxe5 Rae8 24. Qd4 f4 25. c5 h5 26. Bf2 Qg4 27. Bf1 f3 28. g3
Nxf2 29. Qxf2 Re2 30. h3 Qe4 31. Qd4 f2+ 0-1

[Event "SR Extraliga 2016/2017"]
[Site "?"]
[Date "2017.02.18"]
[Round "7.4"]
[White "Demeter, Peter"]
[Black "Hrabusa, Matej"]
[Result "1/2-1/2"]
[WhiteElo "2216"]
[BlackElo "2330"]
[PlyCount "61"]
[EventDate "2016.??.??"]

1. c4 e6 2. Nf3 d5 3. g3 Nf6 4. Bg2 dxc4 5. Qa4+ c6 6. Qxc4 b5 7. Qc2 Bb7 8.
O-O Be7 9. a4 O-O 10. b3 Na6 11. Ba3 Nb4 12. Bxb4 Bxb4 13. Nc3 a6 14. Ne5 Qc7
15. Nd3 Bd6 16. Rfc1 c5 17. Nd1 Bxg2 18. Kxg2 Rac8 19. axb5 axb5 20. f3 h5 21.
Qa2 h4 22. Qa7 Qd8 23. Qa5 Qd7 24. N1f2 hxg3 25. hxg3 c4 26. bxc4 bxc4 27. Nb2
Rc5 28. Qa4 Qc7 29. Rxc4 Rxc4 30. Qxc4 Bxg3 31. Qxc7 1/2-1/2

[Event "SR Extraliga 2016/2017"]
[Site "?"]
[Date "2017.02.18"]
[Round "7.5"]
[White "Tropp, Oliver"]
[Black "Holecko, Rastislav"]
[Result "0-1"]
[WhiteElo "2236"]
[BlackElo "2243"]
[PlyCount "48"]
[EventDate "2016.??.??"]

1. d4 Nf6 2. Nc3 d5 3. Bg5 Bf5 4. f3 Bg6 5. e3 Nbd7 6. Bd3 c6 7. Bf4 Qb6 8.
Nge2 Nh5 9. O-O e5 10. Bg5 Bd6 11. Bxg6 hxg6 12. f4 exd4 13. exd4 Nhf6 14. Ng3
O-O-O 15. b3 Rde8 16. Na4 Qc7 17. c4 Qa5 18. Rc1 Ne4 19. Nxe4 Rxe4 20. Nc3 Rxd4
21. Qg4 dxc4 22. Ne2 Rd2 23. Ng3 Qd5 24. Ne2 f5 0-1

[Event "SR Extraliga 2016/2017"]
[Site "?"]
[Date "2017.02.18"]
[Round "7.6"]
[White "Kravec, Patrik"]
[Black "Macko, Michal"]
[Result "1/2-1/2"]
[WhiteElo "2079"]
[BlackElo "2186"]
[PlyCount "77"]
[EventDate "2016.??.??"]

1. e4 c5 2. Nc3 a6 3. Nf3 e6 4. d4 cxd4 5. Nxd4 Nc6 6. Nxc6 bxc6 7. Bd3 Nf6 8.
O-O d5 9. Qe2 Be7 10. b3 O-O 11. Bb2 Nd7 12. Rad1 Nc5 13. Kh1 a5 14. f4 f5 15.
e5 a4 16. Rf3 Nxd3 17. Qxd3 axb3 18. cxb3 Qb6 19. Qc2 Bd7 20. Na4 Qb5 21. Bd4
Rfb8 22. Rc1 Ba3 23. Rd1 c5 24. Nxc5 Rc8 25. Rc3 Bb4 26. a4 Qc6 27. Rc1 Bxc3
28. Qxc3 h6 29. h4 Rcb8 30. b4 Rxa4 31. Nxa4 Qxa4 32. Bc5 Ra8 33. Qg3 Be8 34.
Bd6 Ra7 35. Rc8 Qd1+ 36. Kh2 Qh5 37. Rc2 Kh7 38. Rc7 Rxc7 39. Bxc7 1/2-1/2

[Event "SR Extraliga 2016/2017"]
[Site "?"]
[Date "2017.02.18"]
[Round "7.7"]
[White "Motycakova, Monika"]
[Black "Goban, Marek"]
[Result "0-1"]
[WhiteElo "2177"]
[BlackElo "2059"]
[PlyCount "72"]
[EventDate "2016.??.??"]

1. e4 b6 2. d4 Bb7 3. Nc3 e6 4. Be3 Bb4 5. Bd3 Nf6 6. f3 Bxc3+ 7. bxc3 d6 8.
Ne2 O-O 9. O-O c5 10. Qe1 Qc7 11. dxc5 dxc5 12. Bc4 Nc6 13. Bf4 Qe7 14. Ng3 Nd7
15. e5 Qh4 16. Qe3 h6 17. Ne4 Ncxe5 18. Bb5 Bxe4 19. Qxe4 a6 20. Be2 Ng6 21. g3
Qe7 22. Be3 Nf6 23. Qc6 Nd5 24. Bd2 b5 25. c4 Rfc8 26. cxd5 Rxc6 27. dxc6 Ne5
28. a4 b4 29. f4 Nxc6 30. Bf3 Rc8 31. Be3 Nd4 32. Bxd4 cxd4 33. Be4 Rc3 34. Bd3
b3 35. Bxa6 bxc2 36. a5 d3 0-1

[Event "SR Extraliga 2016/2017"]
[Site "?"]
[Date "2017.02.18"]
[Round "7.8"]
[White "Cuker, Dusan"]
[Black "Hros, Roman"]
[Result "0-1"]
[WhiteElo "2094"]
[BlackElo "2191"]
[PlyCount "80"]
[EventDate "2016.??.??"]

1. d4 Nf6 2. Nf3 e6 3. e3 b6 4. Bd3 Bb7 5. Nbd2 c5 6. c3 Be7 7. O-O O-O 8. a3
d6 9. Re1 Nbd7 10. e4 cxd4 11. cxd4 Qc7 12. Nf1 Rfe8 13. Bd2 Rac8 14. Rc1 Qb8
15. Qe2 Nf8 16. Ng3 Ng6 17. h4 h6 18. h5 Nf8 19. Nh2 Rxc1 20. Bxc1 N8h7 21. Ng4
Nxg4 22. Qxg4 Nf6 23. Qe2 e5 24. dxe5 dxe5 25. Nf5 Bf8 26. Qf3 Rd8 27. Bb1 Nh7
28. Ba2 Qc7 29. Qg3 Kh8 30. Qb3 Bxe4 31. Rxe4 Qxc1+ 32. Kh2 Qc7 33. Qxf7 Qxf7
34. Bxf7 Ng5 35. Ng3 Nxf7 36. Re2 Ng5 37. Nf5 Kg8 38. Nh4 e4 39. f4 exf3 40.
gxf3 Kf7 0-1

[Event "SR Extraliga 2016/2017"]
[Site "?"]
[Date "2017.02.18"]
[Round "7.1"]
[White "Balogh, Csaba"]
[Black "Navara, David"]
[Result "1/2-1/2"]
[WhiteElo "2630"]
[BlackElo "2730"]
[PlyCount "108"]
[EventDate "2016.??.??"]

1. e4 c5 2. Nf3 d6 3. Bb5+ Nd7 4. c3 Ngf6 5. Qe2 a6 6. Ba4 e6 7. O-O Be7 8. d4
b5 9. Bc2 Bb7 10. Re1 O-O 11. Nbd2 cxd4 12. cxd4 Rc8 13. Nf1 Qc7 14. Bd3 e5 15.
Ng3 exd4 16. Nxd4 Rfe8 17. Bf4 Bf8 18. Rac1 Qb6 19. Rxc8 Bxc8 20. Nf3 Bb7 21.
Bb1 Nc5 22. Nd2 Nd5 23. Bg5 f6 24. Qd1 fxg5 25. exd5 Rxe1+ 26. Qxe1 Bxd5 27.
Qe8 Ne6 28. Bf5 Nf4 29. Bxh7+ Kxh7 30. Qxf8 Qd4 31. Qf5+ Kh6 32. Qc2 Qd3 33.
Qxd3 Nxd3 34. Nf5+ Kh7 35. b3 Nc1 36. a4 Nxb3 37. Nxb3 Bxb3 38. axb5 axb5 39.
Kf1 d5 40. Ke2 Kg6 41. Nd4 Bc4+ 42. Ke3 b4 43. Kd2 g4 44. Nc2 b3 45. Ne3 Kh5
46. Kc1 Kg5 47. g3 Be2 48. Nxd5 Kf5 49. Kb2 Ke4 50. Ne3 Kf3 51. Kxb3 Kxf2 52.
Nf5 g6 53. Ne7 g5 54. Kc3 Kg2 1/2-1/2

[Event "SR Extraliga 2016/2017"]
[Site "?"]
[Date "2017.02.18"]
[Round "7.2"]
[White "Markos, Jan"]
[Black "Martinovic, Sasa"]
[Result "1/2-1/2"]
[WhiteElo "2569"]
[BlackElo "2550"]
[PlyCount "98"]
[EventDate "2016.??.??"]

1. d4 Nf6 2. c4 e6 3. Nc3 d5 4. Nf3 a6 5. cxd5 exd5 6. Bg5 Be6 7. e3 Nbd7 8.
Bd3 h6 9. Bh4 g5 10. Bg3 Nh5 11. Qc2 c6 12. O-O-O Qa5 13. Nd2 Nxg3 14. hxg3
O-O-O 15. Nb3 Qc7 16. Na4 h5 17. Kb1 h4 18. gxh4 gxh4 19. Rc1 Kb8 20. Qe2 Ka7
21. Rc2 Be7 22. Rhc1 Rc8 23. f4 f6 24. Qd2 Rhg8 25. Na5 Nb6 26. Nc5 Bxc5 27.
dxc5 Nc4 28. Nxc4 dxc4 29. Bxc4 Bxc4 30. Rxc4 Rcd8 31. Qf2 Rg3 32. Rh1 Qh7+ 33.
f5 Qg8 34. Rc2 Qg4 35. Rf1 Rd3 36. Qe2 Qe4 37. Rf4 Qd5 38. Rd4 Rxd4 39. exd4
Qxf5 40. b3 Rd3 41. Qf2 Qe4 42. Kb2 Rd1 43. Qxf6 Rxd4 44. Qf3 Qe7 45. Qc3 Qd8
46. Ka3 Rd3 47. Qb4 Rd4 48. Qc3 Rd3 49. Qb4 Rd4 1/2-1/2